Länder Asiens nach Fläche (beliebige Reihenfolge) - Statistiken

Allgemein
  • Dieses Quiz wurde 10 mal gespielt
  • Das Durchschnittsergebnis liegt bei 41 aus 49
Antwortstatistiken
Hint Antwort % Korrekt
9'596'960 km² China
100%
3'287'263 km² Indien
100%
1'904'569 km² Indonesien
100%
1'648'195 km² Iran
100%
377'975 km² Japan
100%
2'724'900 km² Kasachstan
100%
1'564'116 km² Mongolei
100%
120'538 km² Nordkorea
100%
17'098'242 km² Russland
100%
99'720 km² Südkorea
100%
447'400 km² Usbekistan
100%
652'230 km² Afghanistan
89%
438'317 km² Irak
89%
527'968 km² Jemen
89%
199'951 km² Kirgistan
89%
236'800 km² Laos
89%
330'803 km² Malaysia
89%
676'578 km² Myanmar
89%
309'500 km² Oman
89%
796'095 km² Pakistan
89%
300'000 km² Philippinen
89%
2'149'690 km² Saudi-Arabien
89%
187'437 km² Syrien
89%
513'120 km² Thailand
89%
783'562 km² Türkei
89%
331'210 km² Vietnam
89%
29'743 km² Armenien
78%
86'600 km² Aserbaidschan
78%
760 km² Bahrain
78%
148'460 km² Bangladesch
78%
38'394 km² Bhutan
78%
5'765 km² Brunei
78%
69'700 km² Georgien
78%
21'937 km² Israel
78%
181'035 km² Kambodscha
78%
11'586 km² Katar
78%
17'818 km² Kuwait
78%
10'400 km² Libanon
78%
147'181 km² Nepal
78%
14'874 km² Osttimor
78%
65'610 km² Sri Lanka
78%
144'100 km² Tadschikistan
78%
488'100 km² Turkmenistan
78%
83'600 km² Vereinigte Arabische Emirate
78%
89'342 km² Jordanien
67%
719 km² Singapur
67%
9'251 km² Zypern
67%
1'001'450 km² Ägypten
56%
298 km² Malediven
56%
Keine übereinstimmenden Quizze gefunden
Verteilung der Resultate
Anzahl Personen mit jedem Resultat
Perzentil nach korrekt beantworteten Fragen
Ihre Resultats-Entwicklung
Sie haben dieses Quiz noch nicht gespielt